Nghiên cứu quá trình phân hủy thuốc nhuộm Indanthren red FBB bằng tác nhân Fe3+/C2O42-/H2O2/VIS
Phương pháp xử lý nước thải dệt nhuộm hiện nay, Phương pháp Fenton. Nghiên cứu thực nghiệm quá trình phân hủy thuốc nhuộm Indanthren red FBB.
में बचाया:
| मुख्य लेखक: | |
|---|---|
| अन्य लेखक: | |
| स्वरूप: | पुस्तक |
| भाषा: | Vietnamese |
| प्रकाशित: |
Đại học Đà Nẵng
Trường Đại học Sư Phạm
2011
|
| श्रृंखला: | Luận văn thạc sỹ khoa học. Chuyên ngành: Hóa Hữu Cơ. MS: 60.44.27
|
| विषय: | |
| टैग : |
टैग जोड़ें
कोई टैग नहीं, इस रिकॉर्ड को टैग करने वाले पहले व्यक्ति बनें!
|
| Thư viện lưu trữ: | Mạng thư viện Đại học Đà Nẵng |
|---|
| LEADER | 01525nam a2200337 4500 | ||
|---|---|---|---|
| 001 | 000011717 | ||
| 003 | 7984 | ||
| 005 | 20120208140230.0 | ||
| 008 | 120208s2011 viesd | ||
| 041 | |a vie | ||
| 072 | |a Luận văn thạc sỹ khoa học | ||
| 082 | |a 547 |b PH-H | ||
| 100 | |a Phan, Thị Thương Hoài | ||
| 245 | |a Nghiên cứu quá trình phân hủy thuốc nhuộm Indanthren red FBB bằng tác nhân Fe3+/C2O42-/H2O2/VIS |c Phan, Thị Thương Hoài | ||
| 260 | |a Đại học Đà Nẵng |b Trường Đại học Sư Phạm |c 2011 | ||
| 300 | |a 85 tr. |b Tóm tăt, CD, Phụ lục, hình ảnh minh họa |c 29 cm | ||
| 490 | |a Luận văn thạc sỹ khoa học. Chuyên ngành: Hóa Hữu Cơ. MS: 60.44.27 | ||
| 500 | |a Tham khảo phụ lục trang 80 | ||
| 520 | |a Phương pháp xử lý nước thải dệt nhuộm hiện nay, Phương pháp Fenton. Nghiên cứu thực nghiệm quá trình phân hủy thuốc nhuộm Indanthren red FBB. | ||
| 653 | |a thuốc nhuộm | ||
| 700 | |a Bùi Xuân Vững |c TS |e Hướng dẫn | ||
| OWN | |a LSP | ||
| AVA | |a UDN50 |b LSP |d 547 PH-H |e available |t Error 5001 Not defined in file expand_doc_bib_avail. |f 1 |g 0 |h N |i 0 |k 1 | ||
| 999 | |a From the UDN01 | ||
| AVA | |a UDN50 |b LSP |d 547 PH-H |e available |t Error 5001 Not defined in file expand_doc_bib_avail. |f 1 |g 0 |h N |i 0 |k 1 | ||
| TYP | |a Monograph | ||
| TYP | |a Printed language | ||
| 980 | |a Mạng thư viện Đại học Đà Nẵng | ||